| 000 | 01270cam a22002174a 4500 | ||
|---|---|---|---|
| 005 | 20250605164128.0 | ||
| 008 | 250528s ||||||||||||||||||||||||d | ||
| 035 | _a18538 | ||
| 020 | _a77077318 | ||
| 040 |
_aGR-AtMCL _bgre _dGR-AtMCL _eAACR2 |
||
| 245 | 1 | _aQuantitative Methods for Accounting and Business Studies / Third Edition | |
| 250 | _a3rd | ||
| 260 |
_bMcgraw Hill Book Company, _c1993 |
||
| 300 | _a388 | ||
| 520 | _aThis book incorporates new key management science topics, including chapters on linear programming, network analysis, stock control and simulation. Preface, Acknowledgements, Introduction, Graphs and Equations, Financial Arithmetic, Matrices, Elementary Calculus, Data Collection and Sampling, Describing Statistical Data, Summary Statistics, Regression and Correlation, Time Series, Index Numbers, Probability, Decision Analysis, Probability Distributions, Estimation, Hypothesis Testing, Chi-squared Tests, Additional Applications of Sampling, Linear Programming, Network Analysis, Stock Control, Simulation, Appendices, Solutions to Exercises, Statistical Tables, List of Formulae, Bibliography, Index. | ||
| 700 | 1 |
_aBancroft Gordon _92888 |
|
| 700 | 1 |
_aO'Sullivan George _94807 |
|
| 942 | _cBK | ||
| 999 |
_c3893 _d3893 |
||